header

Aristocracy, temperance and social reform (Record no. 40157)

MARC details
000 -LEADER
fixed length control field 01600nam a2200349Ia 4500
100 1# - MAIN ENTRY--AUTHOR NAME
Personal name Niessen, Olwen Claire,
245 10 - TITLE STATEMENT
Title Aristocracy, temperance and social reform
260 ## - PUBLICATION, DISTRIBUTION, ETC. (IMPRINT)
Place of publication London ;
-- New York :
Name of publisher Tauris Academic Studies :
-- Distributed in the U.S. and Canada by Palgrave Macmillan,
Year of publication 2007.
300 ## - PHYSICAL DESCRIPTION
Number of Pages xv, 303 p. :
Other physical details ill.
490 1# - SERIES STATEMENT
Series statement Library of Victorian studies ;
650 #0 - SUBJECT ADDED ENTRY--TOPICAL TERM
Topical Term Aristocracy (Social class)
Topical Term Women social reformers
Topical Term Social reformers
856 40 - ELECTRONIC LOCATION AND ACCESS
Uniform Resource Identifier http://site.ebrary.com/lib/rucke/Doc?id=10231626

No items available.

© 2026 Rongo University
Contact us: librarian | system librarian | Rongo university